<?xml version="1.0" encoding="UTF-8"?>
<record
    xmlns:xsi="http://www.w3.org/2001/XMLSchema-instance"
    xsi:schemaLocation="http://www.loc.gov/MARC21/slim http://www.loc.gov/standards/marcxml/schema/MARC21slim.xsd"
    xmlns="http://www.loc.gov/MARC21/slim">

  <leader>     nam a22     7a 4500</leader>
  <datafield tag="999" ind1=" " ind2=" ">
    <subfield code="c">44005</subfield>
    <subfield code="d">44005</subfield>
  </datafield>
  <controlfield tag="003">OSt</controlfield>
  <controlfield tag="005">20180426163112.0</controlfield>
  <controlfield tag="008">180426b        xxu||||| |||| 00| 0 eng d</controlfield>
  <datafield tag="040" ind1=" " ind2=" ">
    <subfield code="c">IIMT UNIVERSITY</subfield>
  </datafield>
  <datafield tag="100" ind1=" " ind2=" ">
    <subfield code="a">DUGGAL,SK</subfield>
  </datafield>
  <datafield tag="245" ind1=" " ind2=" ">
    <subfield code="a">LIMIT STATE DESIGN</subfield>
    <subfield code="c">AUTHOR</subfield>
    <subfield code="h">ENGLISH</subfield>
  </datafield>
  <datafield tag="250" ind1=" " ind2=" ">
    <subfield code="a">4TH ED.</subfield>
  </datafield>
  <datafield tag="260" ind1=" " ind2=" ">
    <subfield code="a">DELHI</subfield>
    <subfield code="b">TMH</subfield>
    <subfield code="c">2011</subfield>
  </datafield>
  <datafield tag="300" ind1=" " ind2=" ">
    <subfield code="b">4TH ED.</subfield>
    <subfield code="e">PAPERBACK</subfield>
  </datafield>
  <datafield tag="856" ind1=" " ind2=" ">
    <subfield code="3">PAPERBACK</subfield>
    <subfield code="z">ARCHITECTURE</subfield>
  </datafield>
  <datafield tag="942" ind1=" " ind2=" ">
    <subfield code="2">ddc</subfield>
    <subfield code="c">01</subfield>
    <subfield code="e">4TH ED</subfield>
    <subfield code="h">TITLE</subfield>
    <subfield code="k">624.055 DUG</subfield>
    <subfield code="m">624.055 DUG</subfield>
  </datafield>
  <datafield tag="952" ind1=" " ind2=" ">
    <subfield code="0">0</subfield>
    <subfield code="1">0</subfield>
    <subfield code="2">ddc</subfield>
    <subfield code="3">PAPERBACK</subfield>
    <subfield code="4">0</subfield>
    <subfield code="7">0</subfield>
    <subfield code="a">24</subfield>
    <subfield code="b">24</subfield>
    <subfield code="d">2018-04-26</subfield>
    <subfield code="e">IIMT ENGINEERING COLLEGE TRANSFER</subfield>
    <subfield code="g">500.00</subfield>
    <subfield code="l">0</subfield>
    <subfield code="o">624.055 DUG</subfield>
    <subfield code="p">24-B-1</subfield>
    <subfield code="r">2018-04-26</subfield>
    <subfield code="w">2018-04-26</subfield>
    <subfield code="y">01</subfield>
    <subfield code="z">ARCHITECTURE</subfield>
  </datafield>
  <datafield tag="952" ind1=" " ind2=" ">
    <subfield code="0">0</subfield>
    <subfield code="1">0</subfield>
    <subfield code="2">ddc</subfield>
    <subfield code="3">PAPERBACK</subfield>
    <subfield code="4">0</subfield>
    <subfield code="7">0</subfield>
    <subfield code="a">24</subfield>
    <subfield code="b">24</subfield>
    <subfield code="d">2018-04-26</subfield>
    <subfield code="e">IIMT ENGINEERING COLLEGE TRANSFER</subfield>
    <subfield code="g">500.00</subfield>
    <subfield code="l">0</subfield>
    <subfield code="o">624.055 DUG</subfield>
    <subfield code="p">24-B-2</subfield>
    <subfield code="r">2018-04-26</subfield>
    <subfield code="w">2018-04-26</subfield>
    <subfield code="y">01</subfield>
    <subfield code="z">ARCHITECTURE</subfield>
  </datafield>
  <datafield tag="952" ind1=" " ind2=" ">
    <subfield code="0">0</subfield>
    <subfield code="1">0</subfield>
    <subfield code="2">ddc</subfield>
    <subfield code="3">PAPERBACK</subfield>
    <subfield code="4">0</subfield>
    <subfield code="7">0</subfield>
    <subfield code="a">24</subfield>
    <subfield code="b">24</subfield>
    <subfield code="d">2018-04-26</subfield>
    <subfield code="e">IIMT ENGINEERING COLLEGE TRANSFER</subfield>
    <subfield code="g">500.00</subfield>
    <subfield code="l">0</subfield>
    <subfield code="o">624.055 DUG</subfield>
    <subfield code="p">24-B-3</subfield>
    <subfield code="r">2018-04-26</subfield>
    <subfield code="w">2018-04-26</subfield>
    <subfield code="y">01</subfield>
    <subfield code="z">ARCHITECTURE</subfield>
  </datafield>
  <datafield tag="952" ind1=" " ind2=" ">
    <subfield code="0">0</subfield>
    <subfield code="1">0</subfield>
    <subfield code="2">ddc</subfield>
    <subfield code="3">PAPERBACK</subfield>
    <subfield code="4">0</subfield>
    <subfield code="7">0</subfield>
    <subfield code="a">24</subfield>
    <subfield code="b">24</subfield>
    <subfield code="d">2018-04-26</subfield>
    <subfield code="e">IIMT ENGINEERING COLLEGE TRANSFER</subfield>
    <subfield code="g">500.00</subfield>
    <subfield code="l">0</subfield>
    <subfield code="o">624.055 DUG</subfield>
    <subfield code="p">24-B-4</subfield>
    <subfield code="r">2018-04-26</subfield>
    <subfield code="w">2018-04-26</subfield>
    <subfield code="y">01</subfield>
    <subfield code="z">ARCHITECTURE</subfield>
  </datafield>
  <datafield tag="952" ind1=" " ind2=" ">
    <subfield code="0">0</subfield>
    <subfield code="1">0</subfield>
    <subfield code="2">ddc</subfield>
    <subfield code="3">PAPERBACK</subfield>
    <subfield code="4">0</subfield>
    <subfield code="7">0</subfield>
    <subfield code="a">24</subfield>
    <subfield code="b">24</subfield>
    <subfield code="d">2018-04-26</subfield>
    <subfield code="e">IIMT ENGINEERING COLLEGE TRANSFER</subfield>
    <subfield code="g">500.00</subfield>
    <subfield code="l">0</subfield>
    <subfield code="o">624.055 DUG</subfield>
    <subfield code="p">24-B-5</subfield>
    <subfield code="r">2018-04-26</subfield>
    <subfield code="w">2018-04-26</subfield>
    <subfield code="y">01</subfield>
    <subfield code="z">ARCHITECTURE</subfield>
  </datafield>
  <datafield tag="952" ind1=" " ind2=" ">
    <subfield code="0">0</subfield>
    <subfield code="1">0</subfield>
    <subfield code="2">ddc</subfield>
    <subfield code="3">PAPERBACK</subfield>
    <subfield code="4">0</subfield>
    <subfield code="7">0</subfield>
    <subfield code="a">24</subfield>
    <subfield code="b">24</subfield>
    <subfield code="d">2018-04-26</subfield>
    <subfield code="e">IIMT ENGINEERING COLLEGE TRANSFER</subfield>
    <subfield code="g">500.00</subfield>
    <subfield code="l">0</subfield>
    <subfield code="o">624.055 DUG</subfield>
    <subfield code="p">24-B-6</subfield>
    <subfield code="r">2018-04-26</subfield>
    <subfield code="w">2018-04-26</subfield>
    <subfield code="y">01</subfield>
    <subfield code="z">ARCHITECTURE</subfield>
  </datafield>
  <datafield tag="952" ind1=" " ind2=" ">
    <subfield code="0">0</subfield>
    <subfield code="1">0</subfield>
    <subfield code="2">ddc</subfield>
    <subfield code="3">PAPERBACK</subfield>
    <subfield code="4">0</subfield>
    <subfield code="7">0</subfield>
    <subfield code="a">24</subfield>
    <subfield code="b">24</subfield>
    <subfield code="d">2018-04-26</subfield>
    <subfield code="e">IIMT ENGINEERING COLLEGE TRANSFER</subfield>
    <subfield code="g">500.00</subfield>
    <subfield code="l">0</subfield>
    <subfield code="o">624.055 DUG</subfield>
    <subfield code="p">24-B-7</subfield>
    <subfield code="r">2018-04-26</subfield>
    <subfield code="w">2018-04-26</subfield>
    <subfield code="y">01</subfield>
    <subfield code="z">ARCHITECTURE</subfield>
  </datafield>
  <datafield tag="952" ind1=" " ind2=" ">
    <subfield code="0">0</subfield>
    <subfield code="1">0</subfield>
    <subfield code="2">ddc</subfield>
    <subfield code="3">PAPERBACK</subfield>
    <subfield code="4">0</subfield>
    <subfield code="7">0</subfield>
    <subfield code="a">24</subfield>
    <subfield code="b">24</subfield>
    <subfield code="d">2018-04-26</subfield>
    <subfield code="e">IIMT ENGINEERING COLLEGE TRANSFER</subfield>
    <subfield code="g">500.00</subfield>
    <subfield code="l">0</subfield>
    <subfield code="o">624.055 DUG</subfield>
    <subfield code="p">24-B-8</subfield>
    <subfield code="r">2018-04-26</subfield>
    <subfield code="w">2018-04-26</subfield>
    <subfield code="y">01</subfield>
    <subfield code="z">ARCHITECTURE</subfield>
  </datafield>
  <datafield tag="952" ind1=" " ind2=" ">
    <subfield code="0">0</subfield>
    <subfield code="1">0</subfield>
    <subfield code="2">ddc</subfield>
    <subfield code="3">PAPERBACK</subfield>
    <subfield code="4">0</subfield>
    <subfield code="7">0</subfield>
    <subfield code="a">24</subfield>
    <subfield code="b">24</subfield>
    <subfield code="d">2018-04-26</subfield>
    <subfield code="e">IIMT ENGINEERING COLLEGE TRANSFER</subfield>
    <subfield code="g">500.00</subfield>
    <subfield code="l">0</subfield>
    <subfield code="o">624.055 DUG</subfield>
    <subfield code="p">24-B-9</subfield>
    <subfield code="r">2018-04-26</subfield>
    <subfield code="w">2018-04-26</subfield>
    <subfield code="y">01</subfield>
    <subfield code="z">ARCHITECTURE</subfield>
  </datafield>
  <datafield tag="952" ind1=" " ind2=" ">
    <subfield code="0">0</subfield>
    <subfield code="1">0</subfield>
    <subfield code="2">ddc</subfield>
    <subfield code="3">PAPERBACK</subfield>
    <subfield code="4">0</subfield>
    <subfield code="7">0</subfield>
    <subfield code="a">24</subfield>
    <subfield code="b">24</subfield>
    <subfield code="d">2018-04-26</subfield>
    <subfield code="e">IIMT ENGINEERING COLLEGE TRANSFER</subfield>
    <subfield code="g">500.00</subfield>
    <subfield code="l">0</subfield>
    <subfield code="o">624.055 DUG</subfield>
    <subfield code="p">24-B-10</subfield>
    <subfield code="r">2018-04-26</subfield>
    <subfield code="w">2018-04-26</subfield>
    <subfield code="y">01</subfield>
    <subfield code="z">ARCHITECTURE</subfield>
  </datafield>
</record>
